Iconic Album Covers - Statistics

General Stats
  • This quiz has been taken 4,977 times
  • The average score is 17 of 30
Answer Stats
Picture Hint Answer % Correct
7. 1969 {Abbey} {Road}
The {Beatles}
91%
28. 1973 {Aladdin} {Sane}
{David} {Bowie}
90%
3. 1991 {Nevermind}
{Nirvana}
89%
11. 1956 {Elvis} {Presley}
{Elvis} {Presley}
84%
15. 1977 {Rumours}
{Fleetwood} {Mac}
79%
2. 1967 {Sgt} {Pepper}’{s}
{Lonely} {Hearts} {Club} {Band}

The {Beatles}
79%
9. 1984 {Born} {in} {the} {U}.{S}.{A}.
{Bruce} {Springsteen}
77%
22. 1980 {Back} {in} {Black}
{AC}/{DC}
75%
19. 1969 {Led} {Zeppelin}
{Led} {Zeppelin}
74%
13. 1986 {True} {Blue}
{Madonna}
72%
10. 1987 {Straight} {Outta} {Compton}
{N}.{W}.{A}
64%
16. 1975 {Wish} {You} {Were} {Here}
{Pink} {Floyd}
61%
12. 1979/80 {London} {Calling}
The {Clash}
60%
25. 1994 {Definitely} {Maybe}
{Oasis}
58%
20. 1963 The {Freewheelin}' {Bob} {Dylan}
{Bob} {Dylan}
57%
5. 1967 The {Velvet} {Underground} and {Nico}
The {Velvet} {Underground} and {Nico}
57%
21. 1978 {Parallel} {Lines}
{Blondie}
56%
27. 1994 {Illmatic}
{Nas}
55%
8. 1976 {Ramones}
{Ramones}
54%
29. 1994 {Ready} {to} {Die}
The {Notorious} {BIG}
53%
30. 2001 {Is} {This} {It}
The {Strokes}
52%
24. 1971 {Sticky} {Fingers}
The {Rolling} {Stones}
49%
18. 1977 {Never} {Mind} {the} {Bollocks},
{Here}'{s} {the} {Sex} {Pistols}

{Sex} {Pistols}
46%
4. 1979 {Unknown} {Pleasures}
{Joy} {Division}
46%
26. 1982 The {Dreaming}
{Kate} {Bush}
43%
1. 1975 {Horses}
{Patti} {Smith}
33%
23. 1970 {Bitches} {Brew}
{Miles} {Davis}
27%
6. 1985 {Island} {Life}
{Grace} {Jones}
24%
17. 1999 {Things} {Fall} {Apart}
The {Roots}
19%
14. 2009 {It}'{s} {Blitz}!
{Yeah} {Yeah} {Yeahs}
12%
No matching quizzes found
Score Distribution
Percent of People with Each Score
Percentile by Number Answered
Your Score History
You have not taken this quiz